Huellas que perduran : (Record no. 29123)
[ view plain ]
| 000 -LEADER | |
|---|---|
| campo de control de longitud fija | 02221ntaaa2200433 4500 |
| 003 - IDENTIFICADOR DE NÚMERO DE CONTROL | |
| campo de control | 01 |
| 005 - FECHA Y HORA DE LA ÚLTIMA TRANSACCIÓN | |
| campo de control | 20251027203346.0 |
| 008 - DATOS DE LONGITUD FIJA--INFORMACIÓN GENERAL | |
| campo de control de longitud fija | 0714s1973 ag 01 |
| 020 ## - NÚMERO INTERNACIONAL ESTÁNDAR DEL LIBRO | |
| Número Internacional Estándar del Libro | 9509596949 |
| 040 ## - FUENTE DE CATALOGACIÓN | |
| Centro catalogador/agencia de origen | AR-BaBN |
| Lengua de catalogación | spa |
| Centro/agencia transcriptor | AR-BaBN |
| Normas de descripción | aacr |
| Centro/agencia modificador | RIC |
| 082 ## - NÚMERO DE LA CLASIFICACIÓN DECIMAL DEWEY | |
| Número de clasificación | 280.092 P87h |
| 100 ## - ENTRADA PRINCIPAL--NOMBRE DE PERSONA | |
| Nombre de persona | Powell, David R. |
| 9 (RLIN) | 32368 |
| 245 ## - MENCIÓN DEL TÍTULO | |
| Título | Huellas que perduran : |
| Resto del título | personalidades cristianas de América Latina / |
| Mención de responsabilidad, etc. | David R. Powell |
| 260 ## - PUBLICACIÓN, DISTRIBUCIÓN, ETC. | |
| Lugar de publicación, distribución, etc. | Villa Nueva, Cba. : |
| Nombre del editor, distribuidor, etc. | Eds. Crecimiento Cristiano, |
| Fecha de publicación, distribución, etc. | 2004 |
| 300 ## - DESCRIPCIÓN FÍSICA | |
| Extensión | 136 p. ; |
| Dimensiones | 21 cm. |
| 500 ## - NOTA GENERAL | |
| Nota general | Donación de Tomás J. M. Mackey, 2021 |
| 500 ## - NOTA GENERAL | |
| Nota general | Incluye apéndice |
| 505 ## - NOTA DE CONTENIDO CON FORMATO | |
| Título | 1. Roberto (Robert) Reid Kalley (1809-1888): «Apostol de tres continentes» |
| 505 ## - NOTA DE CONTENIDO CON FORMATO | |
| Título | 2. Ricardo (Richard) Williams (1815-1851): de médico agnóstico a mártir cristiano |
| 505 ## - NOTA DE CONTENIDO CON FORMATO | |
| Título | 3. David Trumbull (1819-1889): misionero de distinguido linaje |
| 505 ## - NOTA DE CONTENIDO CON FORMATO | |
| Título | 4. Ramón Blanco (1853-1901): de policía a maestro y pastor |
| 505 ## - NOTA DE CONTENIDO CON FORMATO | |
| Título | 5. Carlos F. (Charles Francis) Yoder (1873-1955): «versátil estadista de Dios» |
| 505 ## - NOTA DE CONTENIDO CON FORMATO | |
| Título | 6. Juan Bautista Ermete Gattinoni (1878-1970): «Viejo roble que los vientos no derriban» |
| 505 ## - NOTA DE CONTENIDO CON FORMATO | |
| Título | 7. Juan (John) Ritchie (1878-1952): personalidad controvertida |
| 505 ## - NOTA DE CONTENIDO CON FORMATO | |
| Título | 8. Juan Crisóstomo Varetto (1879-1953): predicador de Cristo |
| 505 ## - NOTA DE CONTENIDO CON FORMATO | |
| Título | 9. Roberto L. Clegg (1879-1961): «un extraño Quijote» |
| 505 ## - NOTA DE CONTENIDO CON FORMATO | |
| Título | 10. Eduardo Palací (1884-1961): «apóstol de Hispanoamérica» |
| 505 ## - NOTA DE CONTENIDO CON FORMATO | |
| Título | 11. Juan A. (John Alexander) Mackay (1889-1983): «escocés con alma latina» |
| 505 ## - NOTA DE CONTENIDO CON FORMATO | |
| Título | 12. Federico (Frederick) Huegel (1889-1971): «apóstol de la cruz» |
| 505 ## - NOTA DE CONTENIDO CON FORMATO | |
| Título | 13. Bowen Foster Stockwell (1899-1961): educador por «destino manifiesto» |
| 505 ## - NOTA DE CONTENIDO CON FORMATO | |
| Título | 14. Gonzalo Báez-Camargo (1899-1983): «escritor polifacético» |
| 505 ## - NOTA DE CONTENIDO CON FORMATO | |
| Título | 15. Justo González Carrasco (1902-1994): «hombre de dos revoluciones» |
| 505 ## - NOTA DE CONTENIDO CON FORMATO | |
| Título | 16. Alejandro Clifford (1907-1980): periodista nato |
| 505 ## - NOTA DE CONTENIDO CON FORMATO | |
| Título | 17. Natanael (Nathanael) Saint (1923-1956): «el "arréglalo todo" de la selva» |
| 505 ## - NOTA DE CONTENIDO CON FORMATO | |
| Título | 18. Jaime (James) Elliot (1927-1956): «el que cumple su palabra» |
| 505 ## - NOTA DE CONTENIDO CON FORMATO | |
| Título | 19. Las esposas |
| 650 ## - PUNTO DE ACCESO ADICIONAL DE MATERIA--TÉRMINO DE MATERIA | |
| Término de materia o nombre geográfico como elemento de entrada | BIOGRAFIAS |
| 9 (RLIN) | 11246 |
| 942 ## - ELEMENTOS DE ENTRADA SECUNDARIOS (KOHA) | |
| Tipo de ítem Koha | Colección General |
| Estatus retirado | Estado de pérdida | Estado de daño | No para préstamo | Biblioteca de origen | Biblioteca actual | Fecha de adquisición | Número de inventario | Total de préstamos | Signatura topográfica completa | Código de barras | Visto por última vez | Precio de reemplazo | Tipo de ítem Koha |
|---|---|---|---|---|---|---|---|---|---|---|---|---|---|
| Biblioteca Pluis | Biblioteca Pluis | 27/10/2025 | 045663 | 280.092 P87h | 045663 | 27/10/2025 | 27/10/2025 | Colección General |
